000 00475nam a2200169Ia 4500
003 OSt
005 20200915115011.0
008 190216s9999||||xx |||||||||||||| ||und||
040 _coclc
082 _a892.71
_bPAN/M
100 _aPanthavoor, K V M
_94590
245 0 _aMuallakha Paribhasha /
_cK V M Panthavoor
260 _bAl-Huda Book Stall,
_c1994.
_aCalicut:
300 _a119p
650 _aArabic
942 _cBK
_2ddc
_h892.71
_iPAN/M
_k892.71
_mPAN/M
999 _c865
_d865